000 00255nam a2200097Ia 4500
001 652686
005 20250826154443.0
008 250824s9999 xx 000 0 und d
245 0 _aPARHAT DAĞININ ESRARI
_cGÜLTEN DAYIOĞLU
260 _bALTIN KİTAP YAYINLARI
999 _c652686
_d652686